Pulsed ion beam parameters to ensure maximum coefficients of metal surface erosion; Russian Physics Journal; Vol. 50, № 5
| Parent link: | Russian Physics Journal.— , 1965- Vol. 50, № 5.— 2007.— [P. 444-450] |
|---|---|
| Автор: | |
| Інші автори: | , |
| Резюме: | Title screen Erosion of metal surface under pulsed ion beams is investigated using a two-phase evaporation model. The coefficients of erosion due to evaporation are calculated for aluminum, iron and copper under irradiation by submicrosecond ion beams of carbon with the initial particle energy within the range 10–1000 keV. The ion energy and ion beam current density values of the most efficient erosive impact are determined. Режим доступа: по договору с организацией-держателем ресурса |
| Мова: | Англійська |
| Опубліковано: |
2007
|
| Предмети: | |
| Онлайн доступ: | http://dx.doi.org/10.1007/s11182-007-0064-x |
| Формат: | Електронний ресурс Частина з книги |
| KOHA link: | https://koha.lib.tpu.ru/cgi-bin/koha/opac-detail.pl?biblionumber=646733 |
MARC
| LEADER | 00000naa0a2200000 4500 | ||
|---|---|---|---|
| 001 | 646733 | ||
| 005 | 20250130144953.0 | ||
| 035 | |a (RuTPU)RU\TPU\network\11869 | ||
| 035 | |a RU\TPU\network\11868 | ||
| 090 | |a 646733 | ||
| 100 | |a 20160312d2007 k||y0rusy50 ba | ||
| 101 | 0 | |a eng | |
| 135 | |a drnn ---uucaa | ||
| 181 | 0 | |a i | |
| 182 | 0 | |a b | |
| 200 | 1 | |a Pulsed ion beam parameters to ensure maximum coefficients of metal surface erosion |f G. A. Bleykher (Bleicher), V. P. Krivobokov, O. M. Stepanova | |
| 203 | |a Text |c electronic | ||
| 300 | |a Title screen | ||
| 320 | |a [References: p. 450 (7 tit.)] | ||
| 330 | |a Erosion of metal surface under pulsed ion beams is investigated using a two-phase evaporation model. The coefficients of erosion due to evaporation are calculated for aluminum, iron and copper under irradiation by submicrosecond ion beams of carbon with the initial particle energy within the range 10–1000 keV. The ion energy and ion beam current density values of the most efficient erosive impact are determined. | ||
| 333 | |a Режим доступа: по договору с организацией-держателем ресурса | ||
| 461 | |t Russian Physics Journal |d 1965- | ||
| 463 | |t Vol. 50, № 5 |v [P. 444-450] |d 2007 | ||
| 610 | 1 | |a электронный ресурс | |
| 610 | 1 | |a труды учёных ТПУ | |
| 700 | 1 | |a Bleykher (Bleicher) |b G. A. |c physicist |c Professor of Tomsk Polytechnic University, Doctor of Physical and Mathematical Sciences |f 1961- |g Galina Alekseevna |3 (RuTPU)RU\TPU\pers\31496 |9 15657 | |
| 701 | 1 | |a Krivobokov |b V. P. |c Russian physicist |c professor of Tomsk Polytechnic University (TPU), Doctor of Physical and Mathematical Sciences (DSc) |f 1948- |g Valery Pavlovich |3 (RuTPU)RU\TPU\pers\30416 |9 14757 | |
| 701 | 1 | |a Stepanova |b O. M. |c specialist in the field of nuclear physics |c Senior researcher of Tomsk Polytechnic University, Candidate of physical and mathematical sciences |f 1982- |g Olga Mikhailovna |3 (RuTPU)RU\TPU\pers\32673 |9 16572 | |
| 801 | 2 | |a RU |b 63413507 |c 20160505 |g RCR | |
| 856 | 4 | |u http://dx.doi.org/10.1007/s11182-007-0064-x | |
| 942 | |c CF | ||